Minimum standards of access for new and reconstructed building

Bibliographic Details
Main Author: Lister, Tom
Format: Book
Published: Edinburgh : Herriot-Watt University , 1995
Subjects:

MARC

LEADER 00000cam a2200000 7i4500
001 0000002608
005 20060616.0
040 |a INS 
090 0 0 |a TH431   |b LIS 1995 
100 1 |a Lister, Tom 
245 1 0 |a Minimum standards of access for new and reconstructed building   |c Tom Lister 
260 |a Edinburgh :   |b Herriot-Watt University ,   |c 1995 
300 |a 69p. 
650 0 0 |a Architecture and the handicapped 
650 0 0 |a Building   |x Design and construction 
999 |a 0000000936   |b BOOK   |c Open Shelf   |e Default branch